แสดงรายละเอียดบรรณานุกรม
  กลับหน้าหลัก

Brief Record : Get Marc (ISO 2709) : E-mail record : QR code ปิดหน้าต่าง
E-books : เกี่ยวกับ Collections
LEADER 00000nam 2200000uu 4500
001    210554
003     ULIBM
008    020711s2555 th a 000 0 tha d
020    978-616-00-0238-2
041    ^atha^beng
050  4 HG 221 ว835ง 2555
100    วีรวรรณ ภิญญรัตน์และคณะ
245    เงินตราในอาเซียน/^cวีรวรรณ ภิญญรัตน์และคณะ.
250    พิมพ์ครั้งที่ 1
260    กรุงเทพฯ :^bบริษัทสถาพรบุ๊คส์ จำกัด,^c2555.
300    227 หน้า ;^c26 ซม.
650  4 เงินตรา
650  4 ^aเงินตรา^xกลุ่มประเทศอาเซียน
650  4 ^aเงินตราต่างประเทศ
999    ^aใช้งานได้ทุกระบบ
รายการนี้ยังไม่มีแท็ก
คุณยังไม่ได้ล็อกอิน คุณสามารถมีกิจกรรมร่วมกับเว็บไซต์ได้ แต่ต้องล็อกอินก่อน ::
  ล็อกอิน
ลำดับที่ ประเภท เลขเรียก สถานที่ สถานะ
1. หนังสือทั่วไป
หนังสือทั่วไป
สถานะ=หนังสือเก่า - บริการ ณ ห้องสมุด (ห้องเหลือง)
HG 221 ว835ง 2555 ฉ.1 
  
วิทยาศาสตร์สุขภาพ On Shelf
  ขอยืม
Note:งบประมาณปี 2558
   [แสดง 1/1 รายการ]

รายการใกล้เคียง
    หัวเรื่อง [เงินตรา]

BibComment


ยังไม่เคยถูกคอมเมนท์

คอมเมนท์ทรัพยากรรายการนี้
  คอมเมนท์: เงินตราในอาเซียน ..
Bib 210554

 
 
 

 Union Library Management : ULibM
Copyright 2026. All Rights Reserved.
скачать бесплатно без регистрации порно красивый секс HD Sex Hindi sex

xxx gou

xxxx

bfxxx

xxxwww

Секса Видео

xxxx

Секса Видео

detube

geilexxx

C99 Shell

worms shell

blod xxx video
Ebony Coed Rihanna Rimes Takes A Dick In Her Young Twat priyaa indian fuck anal and pusssy hardcore indian women xxx desi hardcore fucking part 1 bengalixxxcouple